| Tag |
First Indicator |
Second Indicator |
Subfields |
| LEADER |
00000cam a2200000 i 4500 |
| 001 |
in00000815213 |
| 005 |
20210904063238.0 |
| 008 |
800311s1979 dcua b f00000 eng d |
| 010 |
|
|
|a gp 80012631
|
| 020 |
|
|
|c $5.50 (pbk. :)
|
| 035 |
|
|
|a (OCoLC)06069037
|
| 035 |
|
|
|9 ADU5549AM
|
| 037 |
|
|
|b 20402
|
| 040 |
|
|
|a CSH
|c CSH
|d GPO
|d MvI-ocm
|d UtOrBLW
|
| 043 |
|
|
|a n-us-pa
|
| 074 |
|
|
|a 851-J
|
| 086 |
0 |
|
|a Pr 39.8:T 41/Em 3/2
|
| 110 |
1 |
|
|a United States.
|b President's Commission on the Accident at Three Mile Island.
|b Emergency Preparedness and Response Task Force.
|
| 245 |
1 |
0 |
|a Report of the Emergency Preparedness and Response Task Force /
|c by Russell R. Dynes [and others].
|
| 264 |
|
2 |
|a Washington :
|b President's Commission on the Accident at Three Mile Island : for sale by the Supt. of Docs., U.S. Govt. Print. Off,
|c 1979.
|
| 300 |
|
|
|a 168 pages :
|b illustrations ;
|c 27 cm.
|
| 336 |
|
|
|a text
|b txt
|2 rdacontent
|
| 337 |
|
|
|a unmediated
|b n
|2 rdamedia
|
| 338 |
|
|
|a volume
|b nc
|2 rdacarrier
|
| 500 |
|
|
|a On cover : Staff report to the President's Commission on the Accident at Three Mile Island.
|
| 500 |
|
|
|a Oct. 1979.
|
| 504 |
|
|
|a Includes bibliographical references.
|
| 650 |
|
0 |
|a Disaster relief.
|
| 700 |
1 |
|
|a Dynes, Russell R.
|q (Russell Rowe),
|d 1923-2019.
|
| 740 |
|
|
|a Staff report to the President's Commission on the Accident at Three Mile Island.
|
| 999 |
|
|
|a MARS
|
| 999 |
f |
f |
|s 4fdb328d-1425-357e-a137-ddc14b68a390
|i 4aa2a5d8-9bf7-3912-b371-5bb557a65050
|t 0
|
| 952 |
f |
f |
|p normal
|a Texas A&M University
|b College Station
|c Sterling C. Evans Library
|d Evans: US Documents (Annex 5th floor)
|t 0
|e Pr 39.8:T 41/Em 3/2
|h Superintendent of Documents classification
|i unmediated -- volume
|m A14817544193
|
| 998 |
f |
f |
|a Pr 39.8:T 41/Em 3/2
|t 0
|l Evans: US Documents (Annex 5th floor)
|